Soils in Over Environment (Record no. 332443)
[ view plain ]
| 000 -LEADER | |
|---|---|
| fixed length control field | nam a22 7a 4500 |
| 003 - CONTROL NUMBER IDENTIFIER | |
| control field | NUST |
| 005 - DATE AND TIME OF LATEST TRANSACTION | |
| control field | 20171206100104.0 |
| 008 - FIXED-LENGTH DATA ELEMENTS--GENERAL INFORMATION | |
| fixed length control field | 171206b xxu||||| |||| 00| 0 eng d |
| 020 ## - INTERNATIONAL STANDARD BOOK NUMBER | |
| International Standard Book Number | 8120312368 |
| 040 ## - CATALOGING SOURCE | |
| Transcribing agency | 0 |
| 082 ## - DEWEY DECIMAL CLASSIFICATION NUMBER | |
| Classification number | 631.4 MIL |
| 100 ## - MAIN ENTRY--PERSONAL NAME | |
| Personal name | Miller,Raymond W. |
| 9 (RLIN) | 6966 |
| 245 ## - TITLE STATEMENT | |
| Title | Soils in Over Environment |
| Statement of responsibility, etc. | Raymond W.Miller |
| 250 ## - EDITION STATEMENT | |
| Edition statement | 7th ed. |
| 260 ## - PUBLICATION, DISTRIBUTION, ETC. | |
| Place of publication, distribution, etc. | New Delhi |
| Name of publisher, distributor, etc. | Prentice-Hall |
| Date of publication, distribution, etc. | 1997. |
| 300 ## - PHYSICAL DESCRIPTION | |
| Extent | 649p. |
| 500 ## - GENERAL NOTE | |
| General note | P.B |
| 942 ## - ADDED ENTRY ELEMENTS (KOHA) | |
| Source of classification or shelving scheme | |
| Koha item type | Book |
| Call number prefix | IESE |
| Withdrawn status | Lost status | Source of classification or shelving scheme | Damaged status | Not for loan | Collection code | Permanent Location | Current Location | Shelving location | Date acquired | Total Checkouts | Full call number | Barcode | Date last seen | Price effective from | Koha item type |
|---|---|---|---|---|---|---|---|---|---|---|---|---|---|---|---|
| Institute of Environmental Science and Engineering (IESE) | Institute of Environmental Science and Engineering (IESE) | General Stacks | 12/06/2017 | 631.4 MIL | IESE-755 | 12/06/2017 | 12/06/2017 | Book | |||||||
| Institute of Environmental Science and Engineering (IESE) | Institute of Environmental Science and Engineering (IESE) | General Stacks | 12/06/2017 | 631.4 MIL | IESE-894 | 12/06/2017 | 12/06/2017 | Book |
